000 01012nas a2200325 4500
001 BR0305820
003 BR-BrBNA
005 20231205104210.0
007 ta
008 230509b bl.|||p| |||| 00| 00por d
040 _aBR-BrBNA
_bpor
_cBiblioteca Nacional de Agricultura
041 _a(Pt)
072 _aF02; F63
100 1 _aOliveira, A.F. de
100 1 _aPasqual, M.
100 1 _aChalfun, N.N.J.
100 1 _aRegina, M. de A.
100 1 _aRincón, C.D.R.
245 1 _aInfluência do número de nós em estacas semilenhosas de oliveira (Olea europaea L.)no enraizamento sob câmara de nebulização
650 _aAZEITONA
650 _aENRAIZAMENTO
650 _aESTACA
650 _aNÓDULO
650 _aPULVERIZAÇÃO
650 _aÁCIDO INDOLBUTÍRICO
650 _aPROPAGAÇÃO VEGETATIVA
773 0 _tCiência e Agrotecnologia (Brazil)
_xISSN 1413-7054
_g(Mar-Apr 2003), v. 27(2) p. 332-338
_wBR0305820
909 _a202311
_bLúcia
_c55
_dLúcia Elande
942 _2AGRIS
_n0
_cANA
999 _c176894
_d176894